Score 0/14 Timer 03:00
0 Plays Today
Initials Name % Correct
MBMel B
86.4%
BMBill Murray
81.8%
BMBette Midler
77.3%
MBMarlon Brando
77.3%
MBMatthew Broderick
72.7%
BMBarry Manilow
68.2%
MBMel Brooks
63.6%
Initials Name % Correct
BMBobby McFerrin
50%
MBMilton Berle
45.5%
MBMischa Barton
36.4%
BMBrittany Murphy
36.4%
MBMichael Bolton
31.8%
BMBarbra Mandrell
13.6%
MBMichael Buble
13.6%

You're not logged in!

Compare scores with friends on all Sporcle quizzes.
OR
Log In

Sporcle TV

Today on Sporcle TV


Watch our educational content, quiz creation guides, and fun videos on Sporcle TV.

Show Comments

Extras

Created Oct 3, 2013ReportNominate
Tags:initial

Top Quizzes Today


Score Distribution

Paid Content

Your Account Isn't Verified!

In order to create a playlist on Sporcle, you need to verify the email address you used during registration. Go to your Sporcle Settings to finish the process.

Report this User

Report this user for behavior that violates our Community Guidelines.

Details: